<?xml version="1.0" encoding="UTF-8"?>
<record
    xmlns:xsi="http://www.w3.org/2001/XMLSchema-instance"
    xsi:schemaLocation="http://www.loc.gov/MARC21/slim http://www.loc.gov/standards/marcxml/schema/MARC21slim.xsd"
    xmlns="http://www.loc.gov/MARC21/slim">

  <leader>00391nam a2200145Ia 4500</leader>
  <controlfield tag="008">230411s9999    xx            000 0 und d</controlfield>
  <datafield tag="020" ind1=" " ind2=" ">
    <subfield code="a">978-81-312-3991-10</subfield>
  </datafield>
  <datafield tag="041" ind1=" " ind2=" ">
    <subfield code="a">eng</subfield>
  </datafield>
  <datafield tag="082" ind1=" " ind2=" ">
    <subfield code="a">AD/610.6/CLE/B08918</subfield>
  </datafield>
  <datafield tag="100" ind1=" " ind2=" ">
    <subfield code="a">Clement I</subfield>
    <subfield code="9">119826</subfield>
  </datafield>
  <datafield tag="245" ind1=" " ind2=" ">
    <subfield code="a">Management of Nursing Services and Education</subfield>
  </datafield>
  <datafield tag="260" ind1=" " ind2=" ">
    <subfield code="b">Elsevier</subfield>
    <subfield code="a">New Delhi</subfield>
    <subfield code="c">2011</subfield>
  </datafield>
  <datafield tag="300" ind1=" " ind2=" ">
    <subfield code="a">551</subfield>
  </datafield>
  <datafield tag="999" ind1=" " ind2=" ">
    <subfield code="c">158308</subfield>
    <subfield code="d">158308</subfield>
  </datafield>
  <datafield tag="952" ind1=" " ind2=" ">
    <subfield code="0">0</subfield>
    <subfield code="1">0</subfield>
    <subfield code="4">0</subfield>
    <subfield code="7">0</subfield>
    <subfield code="8">AD</subfield>
    <subfield code="a">BTIN</subfield>
    <subfield code="b">BTIN</subfield>
    <subfield code="d">2018-05-15</subfield>
    <subfield code="e">Patil Medical Book House</subfield>
    <subfield code="g">595.00</subfield>
    <subfield code="i">5424</subfield>
    <subfield code="l">18</subfield>
    <subfield code="m">12</subfield>
    <subfield code="o">AD 610.6 CLE B08918</subfield>
    <subfield code="p">BTIN-BK-8918</subfield>
    <subfield code="q">2026-04-08</subfield>
    <subfield code="r">2026-03-25 12:13:51</subfield>
    <subfield code="s">2026-03-25</subfield>
    <subfield code="v">416.50</subfield>
    <subfield code="w">2012-11-07</subfield>
    <subfield code="y">BK</subfield>
    <subfield code="z">B08918</subfield>
  </datafield>
</record>
